Studies iin genetics: The selected papers (Record no. 23099)

MARC details
000 -LEADER
fixed length control field 00361nam a2200145Ia 4500
082 ## - DEWEY DECIMAL CLASSIFICATION NUMBER
Classification number 575
Item number MUL
100 ## - MAIN ENTRY--AUTHOR NAME
Personal name MULLER, H J
245 #0 - TITLE STATEMENT
Title Studies iin genetics: The selected papers
260 ## - PUBLICATION, DISTRIBUTION, ETC. (IMPRINT)
Place of publication Calcutta
Name of publisher Oxford&IBH
Year of publication 1969
650 ## - SUBJECT ADDED ENTRY--TOPICAL TERM
Topical Term Gene mutation
650 ## - SUBJECT ADDED ENTRY--TOPICAL TERM
Topical Term Genetics
650 ## - SUBJECT ADDED ENTRY--TOPICAL TERM
Topical Term Heredity
942 ## - ADDED ENTRY ELEMENTS (KOHA)
Koha item type Books
Holdings
Withdrawn status Lost status Damaged status Not for loan Home library Current library Date acquired Full call number Accession Number Koha item type
        RRII Library RRII Library 16/12/2021 575 MUL 03801 Books